|
|
|
|
| LEADER |
01580nam a2200313 a 4500 |
| 001 |
332016 |
| 008 |
090528s1975 maua 001 0 eng d |
| 999 |
|
|
|c 1015
|d 1015
|
| 010 |
|
|
|a 75314898
|
| 020 |
|
|
|a 8185015716
|
| 040 |
|
|
|a DLC
|c DLC
|d DLC
|
| 082 |
0 |
0 |
|a 536/.7
|2 18
|
| 100 |
1 |
|
|a Sears, Francis Weston,
|d 1898-1975.
|9 21072
|
| 245 |
1 |
0 |
|a Thermodynamics, kinetic theory, and statistical thermodynamics /
|c Francis W. Sears, Gerhard L. Salinger.
|
| 250 |
|
|
|a 3rd edition
|
| 260 |
|
|
|a Reading, Mass. :
|b Addison-Wesley Pub. Co.;
|a New Delhi:
|b Norsa Publishing House,
|c c1975[reprinted 1998]
|
| 300 |
|
|
|a viii, 454 pages :
|b illustrations ;
|c 25 cm.
|
| 490 |
0 |
|
|a Addison-Wesley principles of physics series
|
| 500 |
|
|
|a First-2d editions published under title: An introduction to thermodynamics, the kinetic theory of gases, and statistical mechanics.
|
| 504 |
|
|
|a Includes index.
|
| 541 |
1 |
|
|e 00012819
|
| 650 |
|
0 |
|a Thermodynamics.
|9 21073
|
| 650 |
|
0 |
|a Kinetic theory of gases.
|9 21074
|
| 650 |
|
0 |
|a Statistical thermodynamics.
|9 21075
|
| 700 |
1 |
|
|a Salinger, Gerhard L.,
|e joint author.
|9 21076
|
| 852 |
4 |
|
|a Ayesha Abed Library
|j General Shelf.
|
| 942 |
|
|
|2 ddc
|c BK
|
| 952 |
|
|
|0 0
|1 0
|2 ddc
|4 0
|6 536_700000000000000_SEA
|7 0
|9 922
|a BRACUL
|b BRACUL
|c GEN
|d 2009-06-23
|g 0.00
|l 4
|m 4
|o 536.7 SEA
|p 3010012819
|r 2025-07-07
|s 2025-06-17
|t 1
|w 2009-06-23
|y BK
|x No price found in the accession register.
|
| 952 |
|
|
|0 0
|1 0
|2 ddc
|4 0
|6 536_700000000000000_SEA
|7 0
|9 16296
|a BRACUL
|b BRACUL
|c GEN
|d 2011-05-05
|l 2
|m 8
|o 536.7 SEA
|p 3010012820
|r 2019-08-21
|s 2019-08-06
|t 2
|w 2011-05-05
|y BK
|x Price not available in Register
|